MARC details
| 000 -CABECERA |
| campo de control de longitud fija |
02733nam a2200301 i 4500 |
| 001 - NÚMERO DE CONTROL |
| campo de control |
000017772 |
| 003 - IDENTIFICADOR DEL NÚMERO DE CONTROL |
| campo de control |
DO-SdBNP |
| 005 - FECHA Y HORA DE LA ÚLTIMA TRANSACCIÓN |
| campo de control |
20241113084029.0 |
| 007 - CAMPO FIJO DE DESCRIPCIÓN FÍSICA--INFORMACIÓN GENERAL |
| campo de control de longitud fija |
ta |
| 008 - DATOS DE LONGITUD FIJA--INFORMACIÓN GENERAL |
| campo de control de longitud fija |
100331s1994 dr 001 0 spa d |
| 040 ## - FUENTE DE LA CATALOGACIÓN |
| Centro catalogador/agencia de origen |
DO-SdBNP |
| Lengua de catalogación |
spa |
| Centro/agencia transcriptor |
BNPHU |
| Normas de descripción |
rda |
| 082 #4 - NÚMERO DE LA CLASIFICACIÓN DECIMAL DEWEY |
| Número de clasificación |
972.93 |
| Número de documento/Ítem |
V422d |
| Número de edición |
22 |
| 100 1# - ENTRADA PRINCIPAL--NOMBRE DE PERSONA |
| Nombre de persona |
Vega B., Wenceslao, |
| Fechas asociadas al nombre |
1932- |
| Término indicativo de función/relación |
autor |
| Código de función/relación |
aut. |
| 9 (RLIN) |
38670 |
| 245 14 - MENCIÓN DE TÍTULO |
| Título |
Los documentos básicos de la historia dominicana / |
| Mención de responsabilidad, etc. |
Wenceslao Vega B. |
| 264 #1 - PRODUCCIÓN, PUBLICACIÓN, DISTRIBUCIÓN, FABRICACIÓN Y COPYRIGHT |
| Producción, publicación, distribución, fabricación y copyright |
Santo Domingo : |
| Nombre del de productor, editor, distribuidor, fabricante |
Editora Taller, |
| Fecha de producción, publicación, distribución, fabricación o copyright |
1994. |
| 300 ## - DESCRIPCIÓN FÍSICA |
| Extensión |
391 páginas ; |
| Dimensiones |
23 cm. |
| 336 ## - TIPO DE CONTENIDO |
| Término de tipo de contenido |
texto |
| Código de tipo de contenido |
txt |
| Fuente |
rdacontent |
| 337 ## - TIPO DE MEDIO |
| Nombre/término del tipo de medio |
sin mediación |
| Código del tipo de medio |
n |
| Fuente |
rdamedia |
| 338 ## - TIPO DE SOPORTE |
| Nombre/término del tipo de soporte |
volumen |
| Código del tipo de soporte |
nc |
| Fuente |
rdacarrier |
| 505 2# - NOTA DE CONTENIDO CON FORMATO |
| Nota de contenido con formato |
Preambulo-- |
| Título |
Las capitulaciones de Santa Fe. (1942) -- |
| -- |
La bula Inter Caetera (1943)-- |
| -- |
Las instrucciones al gobernador Ovando. (1501 y 1503) -- |
| -- |
Real cédula creando la real audiencia de Santo Domingo (1511) -- |
| -- |
Bula in Apostolatus Culmine (1512) -- |
| -- |
Las leyes de Burgos (1512) -- |
| -- |
Bula in Apostolatus Culmine (1512) -- |
| -- |
Leyes agrarias coloniales (1558; 1591 y 1631) -- |
| -- |
Reales cédulas de 1603 ordenando las desvastaciones de la región norte (1603) -- |
| -- |
Los tratados fronterizon de San Miguel y Aranjuez (1776 y 1777) -- |
| -- |
Tratado de Basilea (1795) -- Proclama de Leclerc a los habitantes de Santo Domingo (1802) -- |
| -- |
Los tratados fronterizon de San Miguel y Aranjuez (1776 y 1777) -- |
| -- |
Tratado de Basilea (1795) -- Proclama de Leclerc a los habitantes de Santo Domingo (1802) -- |
| -- |
El acuerdo de Bondillo (1808) -- |
| -- |
La declaración de independencia (1821) -- |
| -- |
La entrega de Santo Domingo a Boyer 1822) -- |
| -- |
La ley de bienes nacionales de Haití (1824) -- |
| -- |
El acta de separación dominicana (1844) -- |
| -- |
Capitulaciones de las autoridades haitianas en Santo Domingo (1844) -- |
| -- |
El informe de la comisión redactora de la constitución de San Cristóbal (1844) -- |
| -- |
Proclama de la anexión a España (1861) -- |
| -- |
Acta de proclamación de la restauración (1863) -- |
| -- |
El emprestito Harmont (1869) -- |
| -- |
El tratado de anexión a Estados Unidos (1869) -- |
| -- |
El tratado de paz con Haití (1874) -- |
| -- |
La convención dominico-americana (1907) -- |
| -- |
Proclama de la intervención norteamericana (1916) -- |
| -- |
El convenio de evacuación Plan Hughes-Peynado (1922) -- |
| -- |
Tratado fronterizo dominico-haitiano (1929) -- |
| -- |
Tratado Trujillo-Hull (1940) -- |
| -- |
Acta de reconciliación dominicana y el acto institucional (1965). |
| 590 ## - NOTA LOCAL (RLIN) |
| Nota local |
Inventariado, 2024/BT |
| 651 #4 - PUNTO DE ACCESO ADICIONAL DE MATERIA--NOMBRE GEOGRÁFICO |
| Nombre geográfico |
República Dominicana |
| Subdivisión general |
Historia |
| 9 (RLIN) |
170 |
| 651 #4 - PUNTO DE ACCESO ADICIONAL DE MATERIA--NOMBRE GEOGRÁFICO |
| Nombre geográfico |
República Dominicana |
| Subdivisión general |
Relaciones exteriores |
| -- |
Tratados |
| 9 (RLIN) |
11787 |
| 651 #4 - PUNTO DE ACCESO ADICIONAL DE MATERIA--NOMBRE GEOGRÁFICO |
| Nombre geográfico |
República Dominicana |
| Subdivisión general |
Límites |
| Subdivisión geográfica |
Haití |
| Subdivisión general |
Historia |
| 9 (RLIN) |
38647 |
| 651 #4 - PUNTO DE ACCESO ADICIONAL DE MATERIA--NOMBRE GEOGRÁFICO |
| Nombre geográfico |
Haití |
| Subdivisión general |
Límites |
| Subdivisión geográfica |
República Dominicana |
| Subdivisión general |
Historia |
| 9 (RLIN) |
38648 |
| 910 ## - DATOS DE OPCIÓN DEL USUARIO (OCLC) |
| Datos de opción del usuario |
Validado. Control de calidad MMOLINA |
| 942 ## - ELEMENTOS DE PUNTO DE ACCESO ADICIONAL (KOHA) |
| Fuente del sistema de clasificación o colocación |
Dewey Decimal Classification |
| Tipo de ítem Koha |
Libro |